Universities handbook / (Record no. 3096)
[ view plain ]
| 000 -LEADER | |
|---|---|
| fixed length control field | 00358cam a2200145ua 4500 |
| 003 - CONTROL NUMBER IDENTIFIER | |
| control field | OSt |
| 008 - FIXED-LENGTH DATA ELEMENTS--GENERAL INFORMATION | |
| fixed length control field | 210805b ||||| |||| 00| 0 eng d |
| 082 ## - DEWEY DECIMAL CLASSIFICATION NUMBER | |
| Classification number | 378 |
| Item number | ASS/UN |
| 100 ## - MAIN ENTRY--AUTHOR NAME | |
| Personal name | , . |
| 245 00 - TITLE STATEMENT | |
| Title | Universities handbook / |
| 260 ## - PUBLICATION, DISTRIBUTION, ETC. (IMPRINT) | |
| Place of publication | New Delhi : |
| Name of publisher | Association of Indian Universities , |
| Year of publication | 1985. |
| 300 ## - PHYSICAL DESCRIPTION | |
| Number of Pages | 1127 ; . |
| 500 ## - GENERAL NOTE | |
| General note | 16178 Ref |
| 942 ## - ADDED ENTRY ELEMENTS (KOHA) | |
| Koha item type | Books |
| Withdrawn status | Lost status | Damaged status | Home library | Current library | Date acquired | Full call number | Accession Number | Koha item type |
|---|---|---|---|---|---|---|---|---|
| KAUAET | KAUAET | 27/03/1987 | 378 | 16178 | Reference |
